Normal görünüm MARC görünümü

Giriş Personal Name

Kullanılan kayıt sayısı: 2

001 - CONTROL NUMBER

  • control field: 1135

003 - CONTROL NUMBER IDENTIFIER

  • control field: TR-AnYHT

005 - DATE AND TIME OF LATEST TRANSACTION

  • control field: 20241002175937.0

008 - FIXED-LENGTH DATA ELEMENTS

  • fixed length control field: 241002|| aca||aabn | a|a d

040 ## - CATALOGING SOURCE

  • Original cataloging agency: TR-AnYHT
  • Transcribing agency: TR-AnYHT

100 ## - HEADING--PERSONAL NAME

  • Personal name: Subaşı, Necdet, 1961-

670 ## - SOURCE DATA FOUND

  • Source citation: Koha: (TR-AnYHT)4424: Subaşı, Necdet, 1961-, Karantina sohbetleri /, 2021.